| 000 | 00541nam a2200217Ia 4500 | ||
|---|---|---|---|
| 005 | 20251121222331.0 | ||
| 008 | 230125s9999 xx 000 0 und d | ||
| 020 | _a978-81-88479-46-7 | ||
| 041 | _aeng | ||
| 082 |
_a158.1 _bTOL |
||
| 100 |
_aTolle E _9215390 |
||
| 245 | _aStillness Speaks | ||
| 260 |
_c2003 _bYogi Impressions _aMumbai |
||
| 300 |
_a128p _cPaper Back |
||
| 440 | _v1 | ||
| 500 | _aPersonality Development | ||
| 650 |
_aPersonality Development _9213420 |
||
| 700 |
_aTolle E _9215390 |
||
| 906 | _b27 | ||
| 942 | _cBK | ||
| 999 |
_c95725 _d95725 |
||